1991 1037 1403 1182 1244 1541 1916 1201 1743 1657 1712 1438 1266 1490 1544 1573 1640 1573 1221 1567 1956 1849 1039 1973 1968 1254 1674 1965 1513 1306 1855 1590 1488 1537 1919 1174 1212 1745 1073 1034 1346 1721 1982 1960 1140 1550 1143 1490 1303 1341 1131 1096 1539 1596 1558 1653 1919 1924 1058 1393 1147 1193 1083 1924 1711 1609 1781 1186 1547 1933 1412 1009 1960 1230 1816 1216 1567 1255 1094 1037 1443 1647 1352 1545 1615 1004 1063 1357 1948 1040 1211 1727 1668 1428 1160 1567 1112 1829 1047 BCNSPRNW ULIB Ver.6.0+V

เปลี่ยนเป็นภาษาไทย

Change to English
 แสดงรายละเอียดบรรณานุกรม
  กลับหน้าหลัก

Brief Record : Get Marc (ISO 2709) : E-mail record : QR code < ปิดหน้าต่าง
LEADER : 00000nam 2200000uu 4500
001    13399109859
003     ULIB
008    110412s2553||||th 000 0 tha d
020    9786167287225
060 04 WC515^bช576ร 2553
245 00 เรียนรู้และเข้าใจ "ไข้หวัดใหญ่ตามฤดูกาลไข้หวัดนกและไข้หวัดใหญ่สายพันธุ์ใหม่ 2009" /^cศูนย์ฝึกอบรมทักษะการสื่อสาร ฝ่ายกุมารเวชศาสตร์ โรงพยาบาลจุฬาลงกรณ์ ; บรรณาธิการ, ชิษณุ พันธุ์เจริญ, ธันยวีร์ ภูธนกิจ, จรุงจิตร์ งามไพบูลย์
260    กรุงเทพฯ :^bศูนย์ฝึกอบรมทักษะการสื่อสาร ฝ่ายกุมารเวชศาสตร์โรงพยาบาลจุฬาลงกรณ์,^c2553
300    112 หน้า ;^c21 ซม.
650  7 ไข้หวัดใหญ่
650  7 ไข้หวัดนก
650  7 ไข้หวัดใหญ่สายพันธุ์ใหม่ 2009
700 0  ชิษณุ พันธุ์เจริญ,^eบรรณาธิการ
700 0  ธันยวีร์ ภูธนกิจ,^eบรรณาธิการ
700 0  จรุงจิตร์ งามไพบูลย์,^eบรรณาธิการ
710 2  โรงพยาบาลจุฬาลงกรณ์. ^bฝ่ายกุมารเวชศาสตร์.^bศูนย์ฝึกอบรมทักษะการสื่อสาร
945    ^p120^l0^i028279
945    ^p120^l0^i028278
945    ^p120^l0^i028277
945    ^p120^l0^i031576
995    ทศพร
999 ^a ใช้งานได้ทุกระบบ
รายการนี้ยังไม่มีแท็ก
คุณยังไม่ได้ล็อกอิน คุณสามารถมีกิจกรรมร่วมกับเว็บไซต์ได้ แต่ต้องล็อกอินก่อน ::
  ล็อกอิน

รายการสื่อสารสนเทศ

ลำดับที่ ประเภท เลขเรียก/บาร์โค้ด สถานที่ สถานะ
1. วิทยาศาสตร์การแพทย์ และสุขภาพ
หนังสือสำรอง
สถานะ=หนังสือสำรอง
WC515 ช576ร 2553 ฉ.1 
  Barcode: 028277
ห้องสมุดวิทยาเขตสวรรค์ประชารักษ์
►ส่วนจัดเก็บหนังสือเก่า สปร
บนชั้น
  ขอยืม
2. วิทยาศาสตร์การแพทย์ และสุขภาพ
วิทยาศาสตร์การแพทย์ และสุขภาพ
WC515 ช576ร 2553 ฉ.2 
  Barcode: 028278
ห้องสมุดวิทยาเขตสวรรค์ประชารักษ์
►ส่วนจัดเก็บหนังสือเก่า สปร
บนชั้น
  ขอยืม
3. วิทยาศาสตร์การแพทย์ และสุขภาพ
วิทยาศาสตร์การแพทย์ และสุขภาพ
WC515 ช576ร 2553 ฉ.3 
  Barcode: 028279
ห้องสมุดวิทยาเขตสวรรค์ประชารักษ์
►ส่วนจัดเก็บหนังสือเก่า สปร
บนชั้น
  ขอยืม
4. วิทยาศาสตร์การแพทย์ และสุขภาพ
วิทยาศาสตร์การแพทย์ และสุขภาพ
WC515 ช576ร 2553 ฉ.4 
  Barcode: 031576
ห้องสมุดวิทยาเขตสวรรค์ประชารักษ์
►ส่วนจัดเก็บหนังสือเก่า สปร
บนชั้น
  ขอยืม

รายการใกล้เคียง
    หัวเรื่อง [ไข้หวัดใหญ่]
    หัวเรื่อง [ไข้หวัดนก]
    หัวเรื่อง [ไข้หวัดใหญ่สายพันธุ์ใหม่ 2009]

BibComment


ยังไม่เคยถูกคอมเมนท์

คอมเมนท์ทรัพยากรรายการนี้
  คอมเมนท์: เรียนรู้และเข้าใจ..


 Copyright 2026. Bcnsprnw @Library